| 000 | 01277cam a22003497a 4500 | ||
|---|---|---|---|
| 001 | 14590827 | ||
| 005 | 20170105102351.0 | ||
| 008 | 061011s2003 enka b 001 0 eng d | ||
| 010 | _a 2006284177 | ||
| 015 |
_aGBA2Z1313 _2bnb |
||
| 016 | 7 |
_a010350811 _2Uk |
|
| 020 | _a0852961375 | ||
| 035 | _a(OCoLC)ocm48885116 | ||
| 040 |
_aUKM _cUKM _dMIA _dBAKER _dDLC |
||
| 042 | _alccopycat | ||
| 050 | 0 | 0 |
_aTP156.P7 _bP37 2003 |
| 082 | 0 | 4 |
_a628.53 _222 |
| 100 | 1 | _aParker, K. R. | |
| 245 | 1 | 0 |
_aElectrical operation of electrostatic precipitators _cKen Parker |
| 260 |
_aLondon : _bInstitution of Electrical Engineers _cc2003. |
||
| 300 |
_axii, 270 p. : _bill. ; _c24 cm. |
||
| 440 | 0 |
_aIEE power and energy series ; _v41 |
|
| 500 | _a1. Electronic precipitators | ||
| 504 | _aIncludes bibliographical references and index. | ||
| 650 | 0 | _aElectrostatic precipitation. | |
| 710 | 2 | _aInstitution of Electrical Engineers. | |
| 856 | 4 | 2 |
_3Publisher description _uhttp://www.loc.gov/catdir/enhancements/fy0650/2006284177-d.html |
| 856 | 4 | 1 |
_3Table of contents only _uhttp://www.loc.gov/catdir/enhancements/fy0650/2006284177-t.html |
| 906 |
_a7 _bcbc _ccopycat _d2 _encip _f20 _gy-gencatlg |
||
| 942 |
_2ddc _cBK |
||
| 999 |
_c11927 _d11927 |
||